[Event "Sivagangai Tamilnadu op U11 32th"]
[Site "Sivagangai Tamilnadu"]
[Date "2018.07.28"]
[Round "1.5"]
[White "Srijak, Sengupta"]
[Black "Tanmay, Jain"]
[Result "0-1"]
[WhiteElo "1162"]
[BlackElo "1868"]
[PlyCount "100"]
[EventDate "2018.07.28"]
[EventType "swiss"]
[EventRounds "11"]
[EventCountry "IND"]
[SourceTitle "EXT 2024"]
[Source "ChessBase"]
[SourceDate "2023.10.10"]
[SourceVersion "1"]
[SourceVersionDate "2023.10.10"]
[SourceQuality "1"]

1. e4 e5 2. Nf3 Nc6 3. Bc4 Nf6 4. d3 Be7 5. c3 0-0 6. Nbd2 d5 7. exd5 Nxd5 8. 0-0 Kh8 9. Qb3 Na5 10. Qa4 Nxc4 11. Qxc4 f6 12. Re1 Nb6 13. Qe4 Bd6 14. Nb3 a5 15. a4 Be6 16. c4 c6 17. Bd2 Nd7 18. Nbd4 Nc5 19. Nxe6 Nxe4 20. Nxd8 Nxd2 21. Nxd2 Raxd8 22. Nf3 Bc5 23. Rad1 Rd7 24. Nd2 Rxd3 25. Ne4 Rxd1 26. Rxd1 Bd4 27. Nd6 Rb8 28. b3 Kg8 29. Kf1 g6 30. Ne4 Kf7 31. c5 Ke7 32. f4 Ke6 33. Ke2 h6 34. fxe5 Bxe5 35. g3 f5 36. Nd6 b6 37. Nc4 bxc5 38. Nxa5 Bc7 39. Nxc6 Rxb3 40. Kf2 Rb6 41. Re1+ Kf6 42. Ne7 Rb2+ 43. Kg1 Rd2 44. Nc8 Be5 45. Nb6 Bd4+ 46. Kh1 Kg5 47. Re6 h5 48. Nd5 Kg4 49. Nf4 g5 50. Ng6 Rd1+ 0-1